Towards a history of consumption in South Asia / (Record no. 33706)
[ view plain ]
| 000 -LEADER | |
|---|---|
| fixed length control field | 01476nam a22003377a 4500 |
| 005 - DATE AND TIME OF LATEST TRANSACTION | |
| control field | 20100205095844.0 |
| 008 - FIXED-LENGTH DATA ELEMENTS--GENERAL INFORMATION | |
| fixed length control field | 100205t xxu||||| |||| 00| 0 eng d |
| 010 ## - LCCN (DPL NO) | |
| LC control number | ENG-95848 |
| 020 ## - INTERNATIONAL STANDARD BOOK NUMBER | |
| International Standard Book Number | 9780198063643 |
| Terms of availability | 750.00 |
| 020 ## - INTERNATIONAL STANDARD BOOK NUMBER | |
| International Standard Book Number | 0198063644 |
| Terms of availability | 750.00 |
| 035 ## - SYSTEM CONTROL NUMBER | |
| System control number | EN-79381 |
| 037 ## - SOURCE OF ACQUISITION | |
| Source of stock number/acquisition | DBAD/PUB |
| 040 ## - CATALOGING SOURCE | |
| Original cataloging agency | DPL |
| Language of cataloging | ENG |
| 082 ## - DEWEY DECIMAL CLASSIFICATION NUMBER | |
| Classification number | 339.470954 |
| Edition number | 22 |
| 245 ## - TITLE STATEMENT | |
| Title | Towards a history of consumption in South Asia / |
| Statement of responsibility, etc | edited by Douglas E.Haynes ... [et al] |
| 260 ## - PUBLICATION, DISTRIBUTION, ETC. (IMPRINT) | |
| Place of publication, distribution, etc | New Delhi |
| Name of publisher, distributor, etc | Oxford University Press |
| Date of publication, distribution, etc | 2010 |
| 270 ## - ADDRESS | |
| Address | YMCA Library Building , Jai Singh Road |
| City | New Delhi |
| Postal code | 110001 |
| 300 ## - PHYSICAL DESCRIPTION | |
| Extent | x, 297 p. : |
| Other physical details | ill. |
| Dimensions | 23 cm(Hb) |
| 504 ## - BIBLIOGRAPHY, ETC. NOTE | |
| Bibliography, etc | Includes bibliographical references |
| 520 ## - SUMMARY, ETC. | |
| Summary, etc | Contributed papers presented at a conference "Towards a history of consumption in South Asia" held at Pune in 2005 in Indian context. |
| 650 ## - SUBJECT ADDED ENTRY--TOPICAL TERM | |
| Topical term or geographic name as entry element | Consumption (Economics) |
| Geographic subdivision | India |
| General subdivision | History |
| Form subdivision | Congresses. |
| 650 ## - SUBJECT ADDED ENTRY--TOPICAL TERM | |
| Topical term or geographic name as entry element | Middle class |
| Geographic subdivision | India |
| General subdivision | Economic conditions |
| Form subdivision | Congresses. |
| 650 ## - SUBJECT ADDED ENTRY--TOPICAL TERM | |
| Topical term or geographic name as entry element | Cost and standard of living |
| Geographic subdivision | India |
| General subdivision | History |
| Form subdivision | Congresses. |
| 700 ## - ADDED ENTRY--PERSONAL NAME | |
| Personal name | Haynes, Douglas E. |
| 700 ## - ADDED ENTRY--PERSONAL NAME | |
| Personal name | McGowan, Abigail |
| 700 ## - ADDED ENTRY--PERSONAL NAME | |
| Personal name | Roy, Tirthankar |
| 700 ## - ADDED ENTRY--PERSONAL NAME | |
| Personal name | Yanagisawa, Haruka |
| 942 ## - ADDED ENTRY ELEMENTS (KOHA) | |
| Source of classification or shelving scheme | Dewey Decimal Classification |
| Item type | English Books |
| Classification part | 339.470954 |
| Call number suffix | TOW |
| Withdrawn status | Lost status | Source of classification or shelving scheme | Materials specified (bound volume or other part) | Damaged status | Not for loan | Collection code | Home library | Current library | Date acquired | Source of acquisition | Cost, normal purchase price | Total Checkouts | Full call number | Barcode | Date last seen | Copy number | Cost, replacement price | Koha item type |
|---|---|---|---|---|---|---|---|---|---|---|---|---|---|---|---|---|---|---|
| Dewey Decimal Classification | Hb | Not For Loan | Non-fiction | D.B.Act.Division | D.B.Act.Division | 05/02/2010 | DBAD/PUB | 750.00 | 339.470954 TOW | EN-79381 | 05/02/2010 | 1 | 750.00 | English Books |
